Nación, estado y cultura en América Latina

Kaydedildi:
Detaylı Bibliyografya
Asıl Yazarlar: Castillo, Alejandra (Yazar), Muzzopappa, Eva (Yazar), Salomone, Alicia (Yazar), Urrejola, Bernarda (Yazar), Zapata, Claudia (Yazar)
Materyal Türü: Kitap
Dil:İspanyolca
Baskı/Yayın Bilgisi: Santiago Universidad de Chile 2003
Seri Bilgileri:Serie Estudios
Konular:
Etiketler: Etiketle
Etiket eklenmemiş, İlk siz ekleyin!

MARC

LEADER 00000nam a2200000 a 4500
001 UCK1798
003 CL-VaPUC
008 041126e20030000CL |||||||||||||||||spa|d
020 |a 9561904063 
082 0 4 |a 306.4  |b CAS  |2 21 
100 0 |a Castillo, Alejandra  |e author  |9 489686 
700 0 |a Muzzopappa, Eva  |e author  |9 489687 
700 0 |a Salomone, Alicia  |e author  |9 489688 
700 0 |a Urrejola, Bernarda  |e author  |9 489689 
700 0 |a Zapata, Claudia  |e author  |9 489690 
245 1 0 |a Nación, estado y cultura en América Latina 
300 |a 347 p 
942 |c BK 
945 |d 20041126 00:00:00  |a cmena 
260 |a Santiago  |b Universidad de Chile  |c 2003 
650 0 |a Diversidad cultural  |9 473079 
650 0 |a Globalización  |9 361930 
650 0 |a Cambio social   |9 256857 
650 0 |a Política cultural  |9 316492 
650 0 |a Política gubernamental  |9 262286 
651 0 |a América Latina   |9 255027 
583 |a last modification  |c 20041126 00:00:00  |k Rodrigo Vera 
490 0 |a Serie Estudios 
999 |c 311610  |d 311608 
952 |0 0  |1 0  |4 0  |6 306_400000000000000_CAS_2003  |7 0  |8 A  |9 381092  |a BIBGIM  |b BIBGIM  |d 2019-11-21  |i 4083466  |o 306.4 CAS 2003  |p 4083466  |r 2025-01-15  |w 2019-11-21  |y BK  |k SSL